[Event "Golubitskaya op"]
[Site "Golubitskaya"]
[Date "2014.06.25"]
[Round "5"]
[White "Markarov, Vladimir"]
[Black "Fomichev, Sergey"]
[Result "0-1"]
[WhiteElo "1804"]
[BlackElo "2006"]
[PlyCount "52"]
[EventDate "2014.06.21"]
[EventType "swiss"]
[EventRounds "9"]
[EventCountry "RUS"]
[SourceTitle "EXT 2015"]
[Source "ChessBase"]
[SourceDate "2014.11.20"]
[SourceVersion "1"]
[SourceVersionDate "2014.11.20"]
[SourceQuality "1"]

1. e4 c5 2. Nf3 Nc6 3. d4 cxd4 4. Nxd4 e5 5. Nb5 a6 6. Nd6+ Bxd6 7. Qxd6 Qf6 8. Qxf6 Nxf6 9. Nc3 d5 10. Nxd5 Nxd5 11. exd5 Nb4 12. Bd3 Nxd3+ 13. cxd3 Bf5 14. 0-0 0-0-0 15. Bg5 f6 16. Rac1+ Kb8 17. Be3 Rxd5 18. Bb6 Rb5 19. Bc7+ Ka7 20. b3 b6 21. Rfd1 Kb7 22. Bd6 Rd5 23. Rc7+ Kb8 24. Rc6+ Rxd6 25. Rxd6 Kc7 26. Rd5 Kc6 0-1